Marketing on a shoestring : (Record no. 134927)

MARC details
000 -LEADER
fixed length control field 00847cam a2200241 a 4500
003 - CONTROL NUMBER IDENTIFIER
control field OSt
005 - DATE AND TIME OF LATEST TRANSACTION
control field 20240222150741.0
008 - FIXED-LENGTH DATA ELEMENTS--GENERAL INFORMATION
fixed length control field
020 ## - INTERNATIONAL STANDARD BOOK NUMBER
International Standard Book Number 0471632856 (paperback.)
040 ## - CATALOGING SOURCE
Transcribing agency NUST
Original cataloging agency NUST
Language of cataloging eng
Modifying agency NUST
Description conventions rda
050 ## - LIBRARY OF CONGRESS CALL NUMBER
Classification number HF5415 DAV
100 1# - MAIN ENTRY--PERSONAL NAME
Personal name Davidson, Jeffrey P.
245 10 - TITLE STATEMENT
Title Marketing on a shoestring :
Remainder of title low-cost tips for marketing your products or services /
Statement of responsibility, etc. Jeffery Davidson.
260 ## - PUBLICATION, DISTRIBUTION, ETC.
Place of publication, distribution, etc. New York :
Name of publisher, distributor, etc. John Wiley& Sons,
Date of publication, distribution, etc. ©1998.
300 ## - PHYSICAL DESCRIPTION
Extent xvi, 223 pages. :
Other physical details illustration. ;
Dimensions 23 cm.
336 ## - CONTENT TYPE
Source rdacontent
Content type term text
Content type code txt
337 ## - MEDIA TYPE
Source rdamedia
Media type term unmediated
Media type code n
338 ## - CARRIER TYPE
Source rdacarrier
Carrier type term volume
Carrier type code nc
504 ## - BIBLIOGRAPHY, ETC. NOTE
Bibliography, etc. note Includes bibliographical references and index.
650 #0 - SUBJECT ADDED ENTRY--TOPICAL TERM
Topical term or geographic name entry element Marketing.
650 #0 - SUBJECT ADDED ENTRY--TOPICAL TERM
Topical term or geographic name entry element Marketing
General subdivision Costs.
942 ## - ADDED ENTRY ELEMENTS (KOHA)
Koha item type Ordinary Loan Books
Call number prefix HF5415
Call number suffix DAV
Source of classification or shelving scheme Library of Congress Classification
Classification part HF5415 DAV
Suppress in OPAC No
Holdings
Withdrawn status Lost status Source of classification or shelving scheme Damaged status Not for loan Collection Home library Current library Shelving location Date acquired Source of acquisition Cost, normal purchase price Total Checkouts Full call number Barcode Date last seen Accession number Cost, replacement price Price effective from Koha item type Public note
    LCC     NFIC MAIN MAIN GEN 01/23/2023 Book Aid International 25.00 1 HF5415 92004013558 01/23/2023 36347 25.00 01/23/2023 BOOKS Donation